Melanie Martinez - PORTALS (Pistes) - Statistiques

Statistiques générales
  • Ce quiz a été pris 26 fois
  • Le résultat moyen est 13 sur 16
Statistiques - réponses
Hint Réponse % Correct
1 DEATH
100%
2 VOID
100%
8 BATTLE OF THE LARYNX
88%
4 FAERIE SOIREE
88%
7 LEECHES
88%
Bonus/Deluxe MILK OF THE SIREN
88%
11 NYMPHOLOGY
88%
9 THE CONTORTIONIST
88%
13 WOMB
88%
12 EVIL
81%
5 LIGHT SHOWER
81%
Bonus/Deluxe PLUTO
81%
Bonus/Deluxe POWDER
75%
10 MOON CYCLE
69%
6 SPIDER WEB
69%
3 TUNNEL VISION
69%
Aucun quiz correspondant
Distribution des résultats
% des personnes avec chaque résultat
Percentile par nombre de réponses
Votre historique - résultats
Vous n’avez pas pris ce quiz